Essentials of engineering economics (Record no. 5258)

000 -LEADER
fixed length control field 00549nam a2200205 a 4500
001 - CONTROL NUMBER
control field 5258
003 - CONTROL NUMBER IDENTIFIER
control field BD-DhUET
008 - FIXED-LENGTH DATA ELEMENTS--GENERAL INFORMATION
fixed length control field 810512s1982 nyua b 001 0 eng
020 ## - INTERNATIONAL STANDARD BOOK NUMBER
International Standard Book Number 0070528640
040 ## - CATALOGING SOURCE
Original cataloging agency DLC
Transcribing agency DLC
Modifying agency BD-DhUET
082 ## - DEWEY DECIMAL CLASSIFICATION NUMBER
Classification number 658.15
Item number RIG/1982
100 1# - MAIN ENTRY--PERSONAL NAME
Personal name Riggs, James L.
245 10 - TITLE STATEMENT
Title Essentials of engineering economics
Statement of responsibility, etc. by James L. Riggs
250 ## - EDITION STATEMENT
Edition statement 1st ed.
260 ## - PUBLICATION, DISTRIBUTION, ETC. (IMPRINT)
Place of publication, distribution, etc. New York
Name of publisher, distributor, etc. McGraw-Hill
Date of publication, distribution, etc. 1982
300 ## - PHYSICAL DESCRIPTION
Extent xv,557p.
Other physical details ill.
Dimensions 24 cm.
504 ## - BIBLIOGRAPHY, ETC. NOTE
Bibliography, etc Includes bibliographies
650 #0 - SUBJECT ADDED ENTRY--TOPICAL TERM
Topical term or geographic name as entry element Engineering economy
942 ## - ADDED ENTRY ELEMENTS (KOHA)
Koha item type General Book
Holdings
Koha item type Date acquired Shelving location Koha full call number Koha normalized classification for sorting Location (home branch) Withdrawn status Price effective from Damaged status Sublocation or collection (holding branch) Copy number Source of classification or shelving scheme Koha date last seen Lost status Piece designation (barcode) Not for loan
General Book2014-11-25Circulation section658.15/RIG/1982658_000000000000000_15RIG1982Central Library, BUET 2014-11-25 Central Library, BUET1 2014-11-25 70150 
General Book2014-11-25Circulation section658.15/RIG/1982658_000000000000000_15RIG1982Central Library, BUET 2014-11-25 Central Library, BUET2 2014-11-25 70559 
General Book2014-11-25Circulation section658.15/RIG/1982658_000000000000000_15RIG1982Central Library, BUET 2014-11-25 Central Library, BUET3 2014-11-25 70560 
General Book2014-11-25Circulation section658.15/RIG/1982658_000000000000000_15RIG1982Central Library, BUET 2014-11-25 Central Library, BUET4 2014-11-25 70561 
General Book2014-11-25Circulation section658.15/RIG/1982658_000000000000000_15RIG1982Central Library, BUET 2014-11-25 Central Library, BUET5 2014-11-25 70562 
General Book2014-11-25Circulation section658.15/RIG/1982658_000000000000000_15RIG1982Central Library, BUET 2014-11-25 Central Library, BUET6 2014-11-25 70563